Asistence žákům a studentům se speciálními vzdělávacími potřebami

Hlavní autor: Kaleja, Martin, 1981-
Další autoři: Hampl, Igor, 1979-
Jazyk: Čeština
Vydáno: Ostrava : Ostravská univerzita v Ostravě, 2013
Vydání: Vyd. 2., upr. a aktualiz.
Témata:
Externí odkaz: Digitalizovaný dokument
Fyzický popis: 1 CD-ROM
Knihy
Uloženo v:
LEADER 01725nam a2200445 a 4500
001 001362876
003 CZ BrMZK
005 20140414163019.0
006 m||||||||d||||||||
007 co^cg
008 140128s2013 xr e 00| 0 cze
015 |a cnb002536952 
020 |a 978-80-7464-292-0  |q (CDR) 
040 |a BOA001  |b cze 
072 7 |a 376  |x Výchova a vzdělávání zvláštních skupin osob  |2 Konspekt  |9 22 
072 7 |a 37.016  |x Učební osnovy. Vyučovací předměty. Učebnice  |2 Konspekt  |9 22 
080 |a 37.011.3-051-021.633  |2 MRF 
080 |a 316.344.6-056.26/.3-053.2  |2 MRF 
080 |a 37.04  |2 MRF 
080 |a 376  |2 MRF 
080 |a (075.8)  |2 MRF 
080 |a (0.034.44)  |2 MRF 
100 1 |a Kaleja, Martin,  |d 1981-  |7 osd2009549376  |4 aut 
245 1 0 |a Asistence žákům a studentům se speciálními vzdělávacími potřebami  |h [elektronický zdroj] /  |c Martin Kaleja, Igor Hampl 
250 |a Vyd. 2., upr. a aktualiz. 
260 |a Ostrava :  |b Ostravská univerzita v Ostravě,  |c 2013 
300 |a 1 CD-ROM 
500 |a Název z titulní obrazovky 
538 |a Požadavky na systém: Adobe Acrobat Reader 
650 0 7 |a asistenti pedagogů  |7 ph589748  |2 czenas 
650 0 7 |a zdravotně postižené děti  |7 ph116745  |2 czenas 
650 0 7 |a speciální vzdělávací potřeby  |7 ph754025  |2 czenas 
650 0 7 |a speciální pedagogika  |7 ph116230  |2 czenas 
655 7 |a učebnice vysokých škol  |7 fd133772  |2 czenas 
655 7 |a CD-ROM  |7 fd133955  |2 czenas 
700 1 |a Hampl, Igor,  |d 1979-  |7 xx0076423  |4 aut 
856 4 1 |u http://www.digitalniknihovna.cz/mzk/uuid/uuid:3ab911fc-e2c8-43f7-b347-224e5a2005ff  |y Digitalizovaný dokument 
910 |a BOA001  |b CDR-1316.998 
990 |a BK 
991 |b 201404  |c NOV  |e n